Revista Universitaria : (Record no. 21731)

000 -CABECERA
fixed length control field 02132nam a22002897a 4500
003 - IDENTIFICADOR DEL NÚMERO DE CONTROL
control field AR-CdUCM
008 - DATOS DE LONGITUD FIJA--INFORMACIÓN GENERAL
fixed length control field 190425b ||||| |||| 00| 0 spa d
040 ## - FUENTE DE LA CATALOGACIÓN
Agencia/entidad que catalogó originalmente la obra MUNICIPALIDAD PROVINCIAL DEL CUSCO
Entidad que transcribió la catalogación BIBLIOTECA MUNICIPAL DEL CUSCO
082 ## - NÚMERO DE LA CLASIFICACIÓN DECIMAL DEWEY
No. de Clasificación Rev.Univ/N°74/1938
Notacion interna Rev.Univ/N°74/1938
110 ## - ENTRADA PRINCIPAL--NOMBRE DE ENTIDAD CORPORATIVA
Nombre de la institución, jurisdicción como entrada principal Universidad Nacional de San Antonio Abad del Cusco
9 (RLIN) 15942
245 ## - MENCIÓN DE TÍTULO
Título Revista Universitaria :
Resto del título Órgano de la Universidad del Cuzco /
260 ## - PUBLICACIÓN, DISTRIBUCIÓN, ETC.
Lugar de publicación, distribución, etc. Cusco :
Nombre de la editorial, distribuidor, etc. H. G. Rozas,
Fecha de publicación, distribución, etc. 1938.
300 ## - DESCRIPCIÓN FÍSICA
Nº de Páginas Extensión 186 páginas. :
Dimensiones 20 cm.
440 ## - MENCIÓN DE SERIE/PUNTO DE ACCESO ADICIONAL--TÍTULO
Título Revista Universitaria
Número de la parte/sección de una obra Año XXVII, 1° semestre 1938, N°74
9 (RLIN) 45905
505 ## - NOTA DE CONTENIDO CON FORMATO
Nota de contenido formateada Contenido: La planta y el hombre discurso pronunciado por César Vargas. -- Contribución al estudio de la Flora peruana. César Vargas. -- Las diatomeas y su preparación. J. Soukup S.S. -- Concordancias entre el código civil i el código penal. -- Francisco Ponce de León. -- Los derechos de los acreedores hipotecarios en el juicio de quiebra. César Augusto Muñiz. -- La tasación de los bienes inmuebles del quebrado. César Augusto Muñiz. -- Indigenismo i serranísmo. Alfredo Yépez Miranda. -- Notas bibliográficas Los caballeros del delito. Alfredo Yépez Miranda. -- La tercera junta de rectores de las universidades oficiales del Perú. -- Garcilazo Inca de la Vega. Jorge Cornejo Bouroncle. -- Charla sustentada por el catedrático de la facultad de Derecho i decano del Colegio de Abogados en el paraninfo de la Universidad en el Día del Indio. -- La America mestiza. José Uriel García. -- Los intentos de enseñar Medicina en la Universidad de San Antonio Abad del Cuzco. -- Los procesos acumulativos. -- Crónica universitaria.
650 ## - PUNTO DE ACCESO ADICIONAL DE MATERIA--TÉRMINO DE MATERIA
Descriptor Historia del Cusco
9 (RLIN) 1714
650 ## - PUNTO DE ACCESO ADICIONAL DE MATERIA--TÉRMINO DE MATERIA
Descriptor Botánica cusqueña
9 (RLIN) 45807
650 ## - PUNTO DE ACCESO ADICIONAL DE MATERIA--TÉRMINO DE MATERIA
Descriptor Indigenismo
9 (RLIN) 208
650 ## - PUNTO DE ACCESO ADICIONAL DE MATERIA--TÉRMINO DE MATERIA
Descriptor Inca Garcilaso de la Vega
9 (RLIN) 300
700 ## - PUNTO DE ACCESO ADICIONAL--NOMBRE DE PERSONA
Nombre Personal Yépez Miranda, Alfredo
9 (RLIN) 4230
700 ## - PUNTO DE ACCESO ADICIONAL--NOMBRE DE PERSONA
Nombre Personal García Ochoa, Uriel José
9 (RLIN) 45906
700 ## - PUNTO DE ACCESO ADICIONAL--NOMBRE DE PERSONA
Nombre Personal Ponce de León, Francisco
9 (RLIN) 29819
700 ## - PUNTO DE ACCESO ADICIONAL--NOMBRE DE PERSONA
Nombre Personal Cornejo Bouroncle, Jorge
9 (RLIN) 15278
710 ## - PUNTO DE ACCESO ADICIONAL--NOMBRE DE ENTIDAD CORPORATIVA
Nombre corporativo (En letras Mayúsculas) Universidad Nacional de San Antonio Abad del Cusco
9 (RLIN) 15942
942 ## - ELEMENTOS DE PUNTO DE ACCESO ADICIONAL (KOHA)
Fuente de clasificación
Tipo de item Revistas cusqueñas
945 ## - PROCESAMIENTO DE INFORMACIÓN LOCAL (OCLC)
Catalogador rac
Holdings
Estado de retiro (separado) Fuente de clasificación o esquema de estanterías Estado dañado Ubicación Sala donde se ubica Nombre de la colección Fecha de adquisición o compra Costo, precio normal en soles Signatura topográfica Código de Barras Última vez visto (Koha) Tipo de ítem (Koha)
No     Sala Hemeroteca Sala Hemeroteca Book Cart 2021-04-26 10.00 Rev.Univ/N°74/1938 REVC000062 2021-04-26 Revistas cusqueñas
No     Sala Hemeroteca Sala Hemeroteca Book Cart 2021-04-26 10.00 Rev.Univ/N°74/1938/e.2 REVC000063 2021-04-26 Revistas cusqueñas
No     Sala Hemeroteca Sala Hemeroteca Book Cart 2021-04-26 10.00 Rev.Univ/N°74/1938/e.3 REVC000089 2021-04-26 Revistas cusqueñas

Powered by Koha